La información en un mundo globalizado /
El autor plantea que vivimos en una época de imágenes, en una cultura de imágenes y de velocidad. Se trata de un progreso, pero depende de cómo y para qué se utilice. La conclusión es que informarse no es una tarea fácil. Pero es a través de la información que recibimos que, muchas veces sin darnos...
Guardado en:
| Autor principal: | |
|---|---|
| Formato: | Texto |
| Materias: | |
| Etiquetas: |
Agregar Etiqueta
Sin Etiquetas, Sea el primero en etiquetar este registro!
|
MARC
| LEADER | 00000 a a2200000 04500 | ||
|---|---|---|---|
| 001 | 13267 | ||
| 003 | |||
| 040 | |||
| 100 | |a Gabetta, Carlos | ||
| 245 | |a La información en un mundo globalizado / |c Carlos Gabetta | ||
| 520 | |a El autor plantea que vivimos en una época de imágenes, en una cultura de imágenes y de velocidad. Se trata de un progreso, pero depende de cómo y para qué se utilice. La conclusión es que informarse no es una tarea fácil. Pero es a través de la información que recibimos que, muchas veces sin darnos cuenta, decidimos sobre nuestro presente y nuestro futuro. De la calidad de la información de que disponemos depende nuestra calidad de vida | ||
| 650 | |a MEDIOS DE COMUNICACION | ||
| 650 | |a LIBERTAD DE INFORMACION | ||
| 650 | |a GLOBALIZACION | ||
| 773 | |g número 235; páginas 8-15 | ||
| 999 | |c 21706 |d 21706 | ||
